01424nam a22001457a 4500003000900000008004100009040007100050082001500121110001900136245008600155260003700241300007200278505090000350650002801250AR-CdUCM190315b ||||| |||| 00| 0 spa d aMUNICIPALIDAD PROVINCIAL DEL CUSCOcBIBLIOTECA MUNICIPAL DEL CUSCO a030 /bE86 aEspasa - Calpe aEnciclopedia Universal Ilustrada :bEuropeo - Americano (suplemento anual 1935) / aMadrid :bEspasa - Calpe,c1936. a511 páginas ;bimágenes, fotografías, ilustraciones. c25 cm. aContenido: t.8: enciclopedia universal ilustrada, apéndice -- t.36: enciclopedia universal ilustrada -- t.37: enciclopedia universal ilustrada t.38: enciclopedia universal ilustrada -- t.39: enciclopedia universal ilustrada -- t.40:enciclopedia universal ilustrada t.41: enciclopedia universal ilustrada -- t.42: enciclopedia universal ilustrada -- t.43: enciclopedia universal ilustrada -- t.44: enciclopedia universal ilustrada -- t.45: enciclopedia universal ilustrada -- t.46: enciclopedia universal ilustrada -- t.47: enciclopedia universal ilustrada -- t.48: enciclopedia universal ilustrada -- t.56: enciclopedia universal ilustrada -- t.57: enciclopedia universal ilustrada -- t.58: enciclopedia universal ilustrada -- t.59: enciclopedia universal ilustrada -- t.60: enciclopedia universal ilustrada -- t.61: enciclopedia universal ilustrada -- t.62: enciclopedia universal ilustrada. aEnciclopedia Universal.